<?xml version="1.0" encoding="UTF-8"?>
<record
    xmlns:xsi="http://www.w3.org/2001/XMLSchema-instance"
    xsi:schemaLocation="http://www.loc.gov/MARC21/slim http://www.loc.gov/standards/marcxml/schema/MARC21slim.xsd"
    xmlns="http://www.loc.gov/MARC21/slim">

  <leader>00872nam a22002177a 4500</leader>
  <datafield tag="010" ind1=" " ind2=" ">
    <subfield code="a">1617CH-EN</subfield>
  </datafield>
  <datafield tag="020" ind1=" " ind2=" ">
    <subfield code="a">9789382454373</subfield>
    <subfield code="c">145.00 </subfield>
  </datafield>
  <datafield tag="035" ind1=" " ind2=" ">
    <subfield code="a">B-646647-659</subfield>
  </datafield>
  <datafield tag="035" ind1=" " ind2=" ">
    <subfield code="a">B-664777</subfield>
  </datafield>
  <datafield tag="037" ind1=" " ind2=" ">
    <subfield code="a">DPL</subfield>
    <subfield code="b">Star/Ven.</subfield>
  </datafield>
  <datafield tag="082" ind1=" " ind2=" ">
    <subfield code="a">S</subfield>
  </datafield>
  <datafield tag="100" ind1=" " ind2=" ">
    <subfield code="a">Lewin, Hugh</subfield>
  </datafield>
  <datafield tag="245" ind1=" " ind2=" ">
    <subfield code="a">Jafta / </subfield>
    <subfield code="c">by Hugh Lewin; illustrated by Lisa Kopper</subfield>
  </datafield>
  <datafield tag="260" ind1=" " ind2=" ">
    <subfield code="b">Katha </subfield>
    <subfield code="c">2015</subfield>
    <subfield code="a">New Delhi </subfield>
  </datafield>
  <datafield tag="270" ind1=" " ind2=" ">
    <subfield code="a">A3 Sarvodaya Enclave, Sri Aurobindo Marg, </subfield>
    <subfield code="b">New Delhi </subfield>
    <subfield code="e">110017</subfield>
  </datafield>
  <datafield tag="300" ind1=" " ind2=" ">
    <subfield code="a">34p.</subfield>
    <subfield code="c">25cm(pbk)</subfield>
  </datafield>
  <datafield tag="700" ind1=" " ind2=" ">
    <subfield code="a">Kopper, Lisa </subfield>
  </datafield>
  <datafield tag="942" ind1=" " ind2=" ">
    <subfield code="2">ddc</subfield>
    <subfield code="c">CH</subfield>
    <subfield code="m">LEW</subfield>
    <subfield code="h">S</subfield>
  </datafield>
  <datafield tag="999" ind1=" " ind2=" ">
    <subfield code="c">100864</subfield>
    <subfield code="d">100864</subfield>
  </datafield>
  <datafield tag="952" ind1=" " ind2=" ">
    <subfield code="0">0</subfield>
    <subfield code="1">0</subfield>
    <subfield code="4">0</subfield>
    <subfield code="7">0</subfield>
    <subfield code="8">FIC</subfield>
    <subfield code="a">M</subfield>
    <subfield code="b">M</subfield>
    <subfield code="d">2017-01-11</subfield>
    <subfield code="e">BPPD/CH/EN/2016-17/234/24.8.2016/SP/2103/2.9.2016/4.11.2016</subfield>
    <subfield code="g">145.00</subfield>
    <subfield code="l">0</subfield>
    <subfield code="o">S LEW</subfield>
    <subfield code="p">B-646647</subfield>
    <subfield code="r">2017-01-11 00:00:00</subfield>
    <subfield code="t">4</subfield>
    <subfield code="v">145.00</subfield>
    <subfield code="y">CH</subfield>
  </datafield>
  <datafield tag="952" ind1=" " ind2=" ">
    <subfield code="0">0</subfield>
    <subfield code="1">0</subfield>
    <subfield code="4">0</subfield>
    <subfield code="7">0</subfield>
    <subfield code="8">FIC</subfield>
    <subfield code="a">M</subfield>
    <subfield code="b">M</subfield>
    <subfield code="d">2017-01-11</subfield>
    <subfield code="e">BPPD/CH/EN/2016-17/234/24.8.2016/SP/2103/2.9.2016/4.11.2016</subfield>
    <subfield code="g">145.00</subfield>
    <subfield code="l">0</subfield>
    <subfield code="o">S LEW</subfield>
    <subfield code="p">B-646648</subfield>
    <subfield code="r">2017-01-11 00:00:00</subfield>
    <subfield code="t">4</subfield>
    <subfield code="v">145.00</subfield>
    <subfield code="y">CH</subfield>
  </datafield>
  <datafield tag="952" ind1=" " ind2=" ">
    <subfield code="0">0</subfield>
    <subfield code="1">0</subfield>
    <subfield code="4">0</subfield>
    <subfield code="7">0</subfield>
    <subfield code="8">FIC</subfield>
    <subfield code="a">M</subfield>
    <subfield code="b">M</subfield>
    <subfield code="d">2017-01-11</subfield>
    <subfield code="e">BPPD/CH/EN/2016-17/234/24.8.2016/SP/2103/2.9.2016/4.11.2016</subfield>
    <subfield code="g">145.00</subfield>
    <subfield code="l">0</subfield>
    <subfield code="o">S LEW</subfield>
    <subfield code="p">B-646649</subfield>
    <subfield code="r">2017-01-11 00:00:00</subfield>
    <subfield code="t">4</subfield>
    <subfield code="v">145.00</subfield>
    <subfield code="y">CH</subfield>
  </datafield>
  <datafield tag="952" ind1=" " ind2=" ">
    <subfield code="0">0</subfield>
    <subfield code="1">0</subfield>
    <subfield code="4">0</subfield>
    <subfield code="7">0</subfield>
    <subfield code="8">FIC</subfield>
    <subfield code="a">M</subfield>
    <subfield code="b">M</subfield>
    <subfield code="d">2017-01-11</subfield>
    <subfield code="e">BPPD/CH/EN/2016-17/234/24.8.2016/SP/2103/2.9.2016/4.11.2016</subfield>
    <subfield code="g">145.00</subfield>
    <subfield code="l">0</subfield>
    <subfield code="o">S LEW</subfield>
    <subfield code="p">B-646650</subfield>
    <subfield code="r">2017-01-11 00:00:00</subfield>
    <subfield code="t">4</subfield>
    <subfield code="v">145.00</subfield>
    <subfield code="y">CH</subfield>
  </datafield>
  <datafield tag="952" ind1=" " ind2=" ">
    <subfield code="0">0</subfield>
    <subfield code="1">0</subfield>
    <subfield code="4">0</subfield>
    <subfield code="7">0</subfield>
    <subfield code="8">FIC</subfield>
    <subfield code="a">NPL</subfield>
    <subfield code="b">NPL</subfield>
    <subfield code="d">2017-01-11</subfield>
    <subfield code="e">BPPD/CH/EN/2016-17/234/24.8.2016/SP/2103/2.9.2016/4.11.2016</subfield>
    <subfield code="g">145.00</subfield>
    <subfield code="l">0</subfield>
    <subfield code="o">S LEW</subfield>
    <subfield code="p">B-646651</subfield>
    <subfield code="r">2017-01-11 00:00:00</subfield>
    <subfield code="t">1</subfield>
    <subfield code="v">145.00</subfield>
    <subfield code="y">CH</subfield>
  </datafield>
  <datafield tag="952" ind1=" " ind2=" ">
    <subfield code="0">0</subfield>
    <subfield code="1">0</subfield>
    <subfield code="4">0</subfield>
    <subfield code="7">0</subfield>
    <subfield code="8">FIC</subfield>
    <subfield code="a">L</subfield>
    <subfield code="b">L</subfield>
    <subfield code="d">2017-01-11</subfield>
    <subfield code="e">BPPD/CH/EN/2016-17/234/24.8.2016/SP/2103/2.9.2016/4.11.2016</subfield>
    <subfield code="g">145.00</subfield>
    <subfield code="l">1</subfield>
    <subfield code="o">S LEW</subfield>
    <subfield code="p">B-646652</subfield>
    <subfield code="r">2025-01-20 00:00:00</subfield>
    <subfield code="s">2024-12-31</subfield>
    <subfield code="t">1</subfield>
    <subfield code="v">145.00</subfield>
    <subfield code="y">CH</subfield>
  </datafield>
  <datafield tag="952" ind1=" " ind2=" ">
    <subfield code="0">0</subfield>
    <subfield code="1">0</subfield>
    <subfield code="4">0</subfield>
    <subfield code="7">0</subfield>
    <subfield code="8">FIC</subfield>
    <subfield code="a">ZLS</subfield>
    <subfield code="b">ZLS</subfield>
    <subfield code="d">2017-01-11</subfield>
    <subfield code="e">BPPD/CH/EN/2016-17/234/24.8.2016/SP/2103/2.9.2016/4.11.2016</subfield>
    <subfield code="g">145.00</subfield>
    <subfield code="l">0</subfield>
    <subfield code="o">S LEW</subfield>
    <subfield code="p">B-646653</subfield>
    <subfield code="r">2017-01-11 00:00:00</subfield>
    <subfield code="t">1</subfield>
    <subfield code="v">145.00</subfield>
    <subfield code="y">CH</subfield>
  </datafield>
  <datafield tag="952" ind1=" " ind2=" ">
    <subfield code="0">0</subfield>
    <subfield code="1">0</subfield>
    <subfield code="4">0</subfield>
    <subfield code="7">0</subfield>
    <subfield code="8">FIC</subfield>
    <subfield code="a">BL3</subfield>
    <subfield code="b">BL3</subfield>
    <subfield code="d">2017-01-11</subfield>
    <subfield code="e">BPPD/CH/EN/2016-17/234/24.8.2016/SP/2103/2.9.2016/4.11.2016</subfield>
    <subfield code="g">145.00</subfield>
    <subfield code="l">0</subfield>
    <subfield code="o">S LEW</subfield>
    <subfield code="p">B-646654</subfield>
    <subfield code="r">2017-01-11 00:00:00</subfield>
    <subfield code="t">1</subfield>
    <subfield code="v">145.00</subfield>
    <subfield code="y">CH</subfield>
  </datafield>
  <datafield tag="952" ind1=" " ind2=" ">
    <subfield code="0">0</subfield>
    <subfield code="1">0</subfield>
    <subfield code="4">0</subfield>
    <subfield code="7">0</subfield>
    <subfield code="8">FIC</subfield>
    <subfield code="a">NRR</subfield>
    <subfield code="b">NRR</subfield>
    <subfield code="d">2017-01-11</subfield>
    <subfield code="e">BPPD/CH/EN/2016-17/234/24.8.2016/SP/2103/2.9.2016/4.11.2016</subfield>
    <subfield code="g">145.00</subfield>
    <subfield code="l">0</subfield>
    <subfield code="o">S LEW</subfield>
    <subfield code="p">B-646655</subfield>
    <subfield code="r">2017-01-11 00:00:00</subfield>
    <subfield code="t">1</subfield>
    <subfield code="v">145.00</subfield>
    <subfield code="y">CH</subfield>
  </datafield>
  <datafield tag="952" ind1=" " ind2=" ">
    <subfield code="0">0</subfield>
    <subfield code="1">0</subfield>
    <subfield code="4">0</subfield>
    <subfield code="7">0</subfield>
    <subfield code="8">FIC</subfield>
    <subfield code="a">BN</subfield>
    <subfield code="b">BN</subfield>
    <subfield code="d">2017-01-11</subfield>
    <subfield code="e">BPPD/CH/EN/2016-17/234/24.8.2016/SP/2103/2.9.2016/4.11.2016</subfield>
    <subfield code="g">145.00</subfield>
    <subfield code="l">0</subfield>
    <subfield code="o">S LEW</subfield>
    <subfield code="p">B-646656</subfield>
    <subfield code="r">2017-01-11 00:00:00</subfield>
    <subfield code="t">1</subfield>
    <subfield code="v">145.00</subfield>
    <subfield code="y">CH</subfield>
  </datafield>
  <datafield tag="952" ind1=" " ind2=" ">
    <subfield code="0">0</subfield>
    <subfield code="1">0</subfield>
    <subfield code="4">0</subfield>
    <subfield code="7">0</subfield>
    <subfield code="8">FIC</subfield>
    <subfield code="a">KV</subfield>
    <subfield code="b">KV</subfield>
    <subfield code="d">2017-01-11</subfield>
    <subfield code="e">BPPD/CH/EN/2016-17/234/24.8.2016/SP/2103/2.9.2016/4.11.2016</subfield>
    <subfield code="g">145.00</subfield>
    <subfield code="l">0</subfield>
    <subfield code="o">S LEW</subfield>
    <subfield code="p">B-646657</subfield>
    <subfield code="r">2017-01-11 00:00:00</subfield>
    <subfield code="t">1</subfield>
    <subfield code="v">145.00</subfield>
    <subfield code="y">CH</subfield>
  </datafield>
  <datafield tag="952" ind1=" " ind2=" ">
    <subfield code="0">0</subfield>
    <subfield code="1">0</subfield>
    <subfield code="4">0</subfield>
    <subfield code="7">0</subfield>
    <subfield code="8">FIC</subfield>
    <subfield code="a">BL4</subfield>
    <subfield code="b">BL4</subfield>
    <subfield code="d">2017-01-11</subfield>
    <subfield code="e">BPPD/CH/EN/2016-17/234/24.8.2016/SP/2103/2.9.2016/4.11.2016</subfield>
    <subfield code="g">145.00</subfield>
    <subfield code="l">0</subfield>
    <subfield code="o">S LEW</subfield>
    <subfield code="p">B-646658</subfield>
    <subfield code="r">2017-01-11 00:00:00</subfield>
    <subfield code="t">1</subfield>
    <subfield code="v">145.00</subfield>
    <subfield code="y">CH</subfield>
  </datafield>
  <datafield tag="952" ind1=" " ind2=" ">
    <subfield code="0">0</subfield>
    <subfield code="1">0</subfield>
    <subfield code="4">0</subfield>
    <subfield code="7">0</subfield>
    <subfield code="8">FIC</subfield>
    <subfield code="a">YV</subfield>
    <subfield code="b">YV</subfield>
    <subfield code="d">2017-01-11</subfield>
    <subfield code="e">BPPD/CH/EN/2016-17/234/24.8.2016/SP/2103/2.9.2016/4.11.2016</subfield>
    <subfield code="g">145.00</subfield>
    <subfield code="l">0</subfield>
    <subfield code="o">S LEW</subfield>
    <subfield code="p">B-646659</subfield>
    <subfield code="r">2017-01-11 00:00:00</subfield>
    <subfield code="t">1</subfield>
    <subfield code="v">145.00</subfield>
    <subfield code="y">CH</subfield>
  </datafield>
  <datafield tag="952" ind1=" " ind2=" ">
    <subfield code="0">0</subfield>
    <subfield code="1">0</subfield>
    <subfield code="4">0</subfield>
    <subfield code="7">0</subfield>
    <subfield code="8">FIC</subfield>
    <subfield code="a">AV</subfield>
    <subfield code="b">AV</subfield>
    <subfield code="d">2017-08-11</subfield>
    <subfield code="e">BPPD/CH/EN/2016-17/AV/16-17/447/15.2.2017/2253/25.2.2017/ 6.3.2017</subfield>
    <subfield code="g">145.00</subfield>
    <subfield code="l">1</subfield>
    <subfield code="o">S LEW</subfield>
    <subfield code="p">B-664777</subfield>
    <subfield code="r">2021-06-08 00:00:00</subfield>
    <subfield code="s">2021-04-09</subfield>
    <subfield code="t">1</subfield>
    <subfield code="v">145.00</subfield>
    <subfield code="w">2017-08-11</subfield>
    <subfield code="y">CH</subfield>
  </datafield>
</record>
